[Event "Kerch Panticapaeum Rapid op"]
[Site "Kerch"]
[Date "2021.09.21"]
[Round "5"]
[White "Todorov, Aleksandr"]
[Black "Petrosyan, Nikita"]
[Result "0-1"]
[WhiteElo "1814"]
[BlackElo "1293"]
[PlyCount "82"]
[EventDate "2021.09.21"]
[EventType "swiss (rapid)"]
[EventRounds "9"]
[EventCountry "RUS"]
[SourceTitle "CBM 204 Extra"]
[Source "ChessBase"]
[SourceDate "2021.11.30"]
[SourceVersion "1"]
[SourceVersionDate "2021.11.30"]
[SourceQuality "1"]

1. d4 Nf6 2. e3 d5 3. a3 e6 4. Nd2 c5 5. c3 Nc6 6. f4 Be7 7. Bd3 Bd7 8. Ngf3 Rc8 9. 0-0 Bd6 10. Ne5 Qb6 11. Ndf3 cxd4 12. cxd4 Na5 13. b4 Nc4 14. Ra2 Bxe5 15. fxe5 Ng4 16. Re2 Bb5 17. h3 Nh6 18. Ref2 Qa6 19. Ng5 Rc7 20. Qh5 Nf5 21. g4 g6 22. Qh6 Nxh6 23. Nf3 Nxa3 24. Bxb5+ Nxb5 25. Ng5 Nc3 26. Bd2 Ne4 27. Nxe4 dxe4 28. Rf4 Rc2 29. Be1 Qe2 30. Bf2 g5 31. Re1 Qxe1+ 32. Bxe1 gxf4 33. exf4 Rg8 34. g5 Re2 35. Bf2 e3 36. Bg3 Nf5 37. Bh2 Nh4 38. Bg3 Nf3+ 39. Kf1 Rd2 40. Be1 Rh2 41. Bg3 e2# 0-1

[Event "Kerch Panticapaeum Cup"]
[Site "Kerch"]
[Date "2021.09.13"]
[Round "2"]
[White "Todorov, Aleksandr"]
[Black "Tomilova, Elena"]
[Result "0-1"]
[WhiteElo "1814"]
[BlackElo "2256"]
[PlyCount "20"]
[EventDate "2021.09.12"]
[EventType "swiss"]
[EventRounds "9"]
[EventCountry "RUS"]
[SourceTitle "CBM 204 Extra"]
[Source "ChessBase"]
[SourceDate "2021.11.30"]
[SourceVersion "1"]
[SourceVersionDate "2021.11.30"]
[SourceQuality "1"]

1. d4 Nf6 2. c4 e6 3. a3 b6 4. Nc3 Bb7 5. b4 a5 6. b5 d5 7. Nxd5 exd5 8. Bg5 Be7 9. e3 dxc4 10. Bxc4 Bxg2 0-1